Výkaz zmien vlastného imania

Európska spoločnosť ako forma akciovej spoločnosti, ktorej podnikateľská činnosť je založená na práve EÚ. Účtovná závierka alebo výkaz zmien vlastného imania ako zdroj informácií o finančnej situácii spoločnosti európskeho typu.

Enregistré dans:
Détails bibliographiques
Auteur principal: Mateášová, Martina, 1979-
Format: Chapitre de livre
Langue:slovaque
Sujets:
Tags: Ajouter un tag
Pas de tags, Soyez le premier à ajouter un tag!

MARC

LEADER 00000naa$a2200000$$$4500
001 0146804
005 20240502072642.4
041 0 |a slo 
044 |a SK 
245 1 0 |a Výkaz zmien vlastného imania  |c Martina Mateášová 
520 |a Európska spoločnosť ako forma akciovej spoločnosti, ktorej podnikateľská činnosť je založená na práve EÚ. Účtovná závierka alebo výkaz zmien vlastného imania ako zdroj informácií o finančnej situácii spoločnosti európskeho typu. 
610 2 0 |a účtovníctvo 
610 2 0 |a obdobie účtovné 
610 2 0 |a výkazníctvo finančné 
610 2 0 |a výkazníctvo účtovné 
610 2 0 |a imanie vlastné 
610 2 0 |a závierka účtovná 
610 2 0 |a súvaha 
610 2 0 |a štandardy účtovné medzinárodné 
610 2 0 |a IFRS 
100 1 |a Mateášová, Martina, 1979-